تصفية شركات المساهمة في القانونين المصري والقطري / (رقم التسجيلة. 179329)

تفاصيل مارك
000 -LEADER
fixed length control field 04945namaa22004211i 4500
003 - CONTROL NUMBER IDENTIFIER
control field OSt
005 - أخر تعامل مع التسجيلة
control field 20260419140203.0
008 - FIXED-LENGTH DATA ELEMENTS--GENERAL INFORMATION
fixed length control field 250827s2025 ua a|||frm||| 000 0 eng d
040 ## - CATALOGING SOURCE
Original cataloguing agency EG-GICUC
Language of cataloging ara
Transcribing agency EG-GICUC
Modifying agency EG-GICUC
Description conventions rda
041 0# - LANGUAGE CODE
Language code of text/sound track or separate title ara
Language code of summary or abstract ara
-- eng
049 ## - Acquisition Source
Acquisition Source إيداع
082 04 - DEWEY DECIMAL CLASSIFICATION NUMBER
Classification number 346.0682
092 ## - LOCALLY ASSIGNED DEWEY CALL NUMBER (OCLC)
Classification number 346.0682
Edition number 21
097 ## - Degree
Degree مــــاجستير
099 ## - LOCAL FREE-TEXT CALL NUMBER (OCLC)
Local Call Number Cai01.04.08.M.Sc.2025.نا.ت
100 0# - MAIN ENTRY--PERSONAL NAME
Authority record control number or standard number ،ناصر مبارك ناصر الهاجري
Preparation إعداد.
245 10 - TITLE STATEMENT
Title تصفية شركات المساهمة في القانونين المصري والقطري /
Statement of responsibility, etc. إعداد ناصر مبارك ناصر الهاجري؛ إشراف أ.د.جمال محمود عبدالعزيز.
246 15 - VARYING FORM OF TITLE
Title proper/short title Liquidation of joint stock companies in egyptian and qatari law /
264 #0 - PRODUCTION, PUBLICATION, DISTRIBUTION, MANUFACTURE, AND COPYRIGHT NOTICE
Date of production, publication, distribution, manufacture, or copyright notice 2025.
300 ## - PHYSICAL DESCRIPTION
Extent 206 صفحة :
Other physical details إيضاحيات ؛
Dimensions 30 سم. +
Accompanying material CD.
336 ## - CONTENT TYPE
Content type term text
Source rda content
337 ## - MEDIA TYPE
Media type term Unmediated
Source rdamedia
338 ## - CARRIER TYPE
Carrier type term volume
Source rdacarrier
502 ## - DISSERTATION NOTE
Dissertation note أطروحة (ماجستير)-جامعة القاهرة، 2025.
504 ## - BIBLIOGRAPHY, ETC. NOTE
Bibliography, etc. note ببليوجرافيا: صفحات 191-202.
520 ## - SUMMARY, ETC.
Summary, etc. نظراً لأن الشركات المساهمة من الأشكال القانونية الأكثر تأثيراً وانتشاراً في العالم الاقتصادي الحديث. فهي تجسد تجمعاً لرؤوس الأموال من عدد كبير من المساهمين، مما يتيح للشركة المساهمة القدرة على القيام بمشروعات ضخمة واستثمارات واسعة. إلا أن هذه الشركات قد تواجه، في بعض الأحيان، تحديات تؤدي إلى قرار تصفيتها، سواء كانت تلك التحديات مرتبطة بالعوامل الاقتصادية أو الإدارية أو القانونية. ومن هنا، يصبح موضوع تصفية شركات المساهمة ذا أهمية بالغة، حيث يعنى بتنظيم الآليات القانونية والإدارية التي يتم من خلالها إنهاء أعمال الشركة وتصفيتها وفقاً للقوانين المعمول بها.وتتفاوت الأسباب التي قد تؤدي إلى تصفية الشركات المساهمة، حيث يمكن أن تنشأ من قرارات داخلية صادرة عن الجمعية العمومية للشركة بناءً على رؤية استراتيجية، أو من تأثيرات خارجية كتغيرات في البيئة الاقتصادية أو التشريعية. بغض النظر عن السبب، فإن تصفية الشركات تطرح العديد من الإشكاليات القانونية والإدارية، التي تتطلب تنظيماً دقيقاً لضمان حماية حقوق جميع الأطراف المعنية، سواء كانوا مساهمين، دائنين، أو عاملين في الشركة.
520 ## - SUMMARY, ETC.
Summary, etc. Joint-stock companies are one of the most influential and widespread legal forms in the modern economic world. They represent a pool of capital from a large number of shareholders, enabling joint-stock companies to undertake large-scale projects and investments. However, these companies may sometimes face challenges that lead to the decision to liquidate them, whether these challenges are related to economic, administrative, or legal factors. Hence, the topic of liquidating joint-stock companies becomes of paramount importance, as it concerns regulating the legal and administrative mechanisms through which a company's operations are terminated and liquidated in accordance with applicable laws.The reasons that may lead to the liquidation of joint-stock companies vary. They may arise from internal decisions issued by the company's general assembly based on a strategic vision, or from external influences such as changes in the economic or legislative environment. Regardless of the reason, liquidating companies poses numerous legal and administrative issues, requiring careful organization to ensure the protection of the rights of all stakeholders, whether shareholders, creditors, or employees.
530 ## - ADDITIONAL PHYSICAL FORM AVAILABLE NOTE
Issues CD صدر أيضًا كقرص مدمج.
546 ## - LANGUAGE NOTE
Text Language النص بالعربية والملخص باللغة الإنجليزية والعربية.
650 #7 - SUBJECT ADDED ENTRY--TOPICAL TERM
Topical term or geographic name entry element الشركات
Source of heading or term qrmak
650 #7 - SUBJECT ADDED ENTRY--TOPICAL TERM
Topical term or geographic name entry element القانون التجارى
653 #0 - INDEX TERM--UNCONTROLLED
Uncontrolled term شركات المساهمة
-- تصفية شركات المساهمة
-- أثار التصفية وانقضائها
700 0# - ADDED ENTRY--PERSONAL NAME
Personal name جمال محمود عبدالعزيز
Relator term مشرف أطروحة.
900 ## - Thesis Information
Grant date 16-04-2025
Supervisory body جمال محمود عبدالعزيز
Discussion body خليل فيكتور تادرس
-- تامر لطفي صبري أحمد
Universities جامعة القاهرة
Faculties كلية الحقوق
Department قسم القانون التجاري
905 ## - Cataloger and Reviser Names
Cataloger Name Sara Salah
Reviser Names Afaf
942 ## - ADDED ENTRY ELEMENTS (KOHA)
Source of classification or shelving scheme Dewey Decimal Classification
Koha item type Thesis
Edition 21
Suppress in OPAC No
المقتنيات
Source of classification or shelving scheme Home library Current library Date acquired Inventory number Full call number Barcode Date last seen Effective from Koha item type
Dewey Decimal Classification المكتبة المركزبة الجديدة - جامعة القاهرة قاعة الرسائل الجامعية - الدور الاول 09.04.2026 33089 Cai01.04.08.M.Sc.2025.نا.ت 01010100033089000 09.04.2026 09.04.2026 Thesis
Cairo University Libraries Portal Implemented & Customized by: Eng. M. Mohamady Contacts: new-lib@cl.cu.edu.eg | cnul@cl.cu.edu.eg
CUCL logo CNUL logo
© All rights reserved — Cairo University Libraries
CUCL logo
Implemented & Customized by: Eng. M. Mohamady Contact: new-lib@cl.cu.edu.eg © All rights reserved — New Central Library
CNUL logo
Implemented & Customized by: Eng. M. Mohamady Contact: cnul@cl.cu.edu.eg © All rights reserved — Cairo National University Library